000 00795 a2200253 4500
005 20260413112230.0
008 260413b |||||||| |||| 00| 0 eng d
020 _a9789366914664 (pbk)
037 _cTB
040 _aCRL
_cCRL
041 _2URD
_aURD
084 _aO152,3M31,MA 168R5
_qCRL
100 _aBhandari, Mannu
_91115237
245 _aMahabhoj
260 _aDelhi, India:
_bArshia Publications,
_c2025.
300 _a175p.
365 _b300.00
_cINR
546 _aTranslated from Hindi to Urdu
650 _aHindi Literature
_923866
650 _aHindi Fiction
700 _aMashhadi, Zakia
_eTranslator
942 _cTB
_2CC
_hO152,3M31,MA 168R5
999 _c1679328
_d1679328